География (Запис номер 48462)
[ съкратено ]
| 000 -Лидер | |
|---|---|
| Контролно поле с фиксирана дължина | 01587nam a2200349 c 4500 |
| 003 - Код на организацията, давaща контролен номер | |
| Контролно поле | BLK |
| 005 - Дата и час на последна редакция | |
| Контролно поле | 20230406130034.0 |
| 008 - Елементи от данни с фиксирана дължина | |
| fixed length control field | 180408b bul|||||r ||||||| ||bul|| |
| 010 ## - Наследен системен номер | |
| LC control number | KNG00052280000 |
| 040 ## - Източник на каталожния запис | |
| Идентификатор на билиотеката - собственик на записа | BLK |
| 041 ## - Код за език | |
| Код за езика на текст/звукозапис или на отделно заглавие | Български |
| Код за езика КДБФ | Български |
| 080 ## - УДК | |
| Текстов определител УДК | География в основното училище. Методика на обучението по география |
| УДК код - определител по УДК | 372.891 |
| УДК определител | (075.2) |
| УДК - код + определител | 372.891(075.2) |
| 100 1# - Редна дума - Автор | |
| Автор | Гайтанджиева, Росица Георгиева |
| Авторска отговорност | първи автор |
| R(LIN) | 269585 |
| 139 ## - Редно поле | |
| Редна дума | Гайтанджиева, Росица Георгиева и др. |
| Авторски знак | Гаи - Г 16 |
| 245 10 - Сведения за заглавието | |
| Заглавие | География |
| Подзаглавни данни | За V кл. на СОУ |
| Редно поле (дума) | Росица Георгиева Гайтанджиева; съавт. Мартин Франсоа Гловня; съавт. Любомир Тодоров Анов. |
| 250 ## - Област на изданието | |
| Сведения за изданието | 3. част. прераб. изд. |
| 257 ## - Страна на издаване | |
| Страна на създаване/издаване | България |
| 260 ## - Област на издателските данни | |
| -- | София |
| Име на издателя, разпространителя и проч. | Просвета |
| Година на издаване | 1991 |
| 300 ## - Физическа характеристика | |
| Страници | 136 с. |
| Илюстрации и др. | с ил. |
| Размери/Мащаб | 25 см |
| 380 ## - Жанр | |
| Жанр | Обществени науки |
| 500 ## - Общи забележки | |
| Забележка | 1. изд. 1985. - Азб. показалец. |
| 650 #4 - Допълнително описание по предмет – тема | |
| Основно описание – тема или топоним | География - учебници за основни училища |
| 9 (RLIN) | 252235 |
| 653 ## - Ключова дума – ненормативна | |
| Ключова дума | география |
| 653 ## - Ключова дума – ненормативна | |
| Ключова дума | учебници за основни училища |
| 700 1# - Други автори (авторска отговорност) | |
| Лично име | Гловня, Мартин Франсоа |
| Дати, свързани с автора | 1919-1966 |
| Друга информация | Географ |
| Автороска отговорност (Описва отношението между автора и произведението) | съавт. |
| 9 (RLIN) | 54430 |
| 700 1# - Други автори (авторска отговорност) | |
| Лично име | Анов, Любомир Тодоров |
| Автороска отговорност (Описва отношението между автора и произведението) | съавт. |
| 9 (RLIN) | 32594 |
| 852 ## - Местоположение | |
| Форматна сигнатура | Цб 166947 |
| 856 4# - Електронен адрес и достъп | |
| Електронен формат | pdf - файл |
| Път до файла /url/ | |
| 856 4# - Електронен адрес и достъп | |
| Електронен формат | pdf - файл |
| Път до файла /url/ | |
| 942 ## - АРТИКУЛИ | |
| Вид на библиотечния материал | Книги |
| Скрит в OPAC | Не |
| 944 ## - СЪЗДАВАНЕ И РЕДАКЦИЯ на ЗАПИСА | |
| Създаване/Редакция | Създаване |
| Дата на регистрацията/редакция | 23.03.2017 |
| Служител, извършил регистрацията/редакцията | Камелия_Данева |
| 944 ## - СЪЗДАВАНЕ И РЕДАКЦИЯ на ЗАПИСА | |
| Създаване/Редакция | Редакция |
| Дата на регистрацията/редакция | 23.03.2017 |
| Служител, извършил регистрацията/редакцията | Камелия_Данева |
| 999 ## - СИСТЕМНИ КОНТРОЛНИ НОМЕРА | |
| Koha biblionumber | 48462 |
| Koha biblioitemnumber | 48462 |
| Код за отписване | Код за изгубен артикул | Източник на класификационната схема | Код за повреда | Коз за рестрикции | Код за отдаване | Артикулен № | Име на библиотеката - собственик | Име на библиотеката, в която се намира в момента | Статус (Текущо местоположение) | Дата на вписване в системата | Местоположение - отдел | Цена в лева | Инвентарен номер | Систематично азбучна сигнатура | Баркод | Номер на екземпляра | Цена в евро | Служебна бележка | Служебен тип на артикула |
|---|---|---|---|---|---|---|---|---|---|---|---|---|---|---|---|---|---|---|---|
| Не е изгубен | Universal Decimal Classification | Не е повреден | без рестрикции | ползва се в читалня | 76035 | Регионална библиотека "Любен Каравелов" Русе | Регионална библиотека "Любен Каравелов" Русе | Хранилище | 1991-01-01 | Хранилище | 9.75 | 560873 | Цб 166947 | 120000560873 | 1 | 4.99 | Дост: Dp Вид: Д N: стар фонд Дата: 01.01.1991 | Книги |